Estatísticas para Casamento

Clique aqui para jogar o quiz

Estatísticas Gerais

  • Esse quiz foi jogado 27 vezes
  • A pontuação média é 8 de 15

Estatísticas das Respostas

HintResposta% Correto
Na cerimônia as mãos e os pés da noiva são tatuados com hena e a noiva de estar coberta por jóias.Índia
84%
Os noivos devem beber champanhe ou chocolate (ou os dois juntos) e devem ser ingeridos no mesmo recipiente.França
76%
Os convidados partem os pratos.Grécia
72%
Os convidados atiram taças de vidros ao chão.Rússia
64%
A cor predominante do vestido da noiva é o vermelho.China
60%
Não se pode dar aos noivos presente cortantes.Japão
60%
Os noivos saltam sobre uma vassoura ao som de tambores.Estados Unidos
56%
O casal deve cortar um tronco de madeira ao meio.Alemanha
52%
O noivo parte o copo com o pé direito.Israel
52%
O noivo é imobilizado pelos seus amigos, que lhe batem com força nos pés com bengalas ou bastões, sendo que a tortura só termina quando a noiva começar a cantar para eles.Coreia do Sul
48%
Os homens devem usar kilts no dia do casamento.Escócia
48%
A mulher não pode levantar os pés do solo durante a primeira dança com seu recém-marido.Irlanda
36%
As noivas são sequestradas por convidados do casamento.Roménia
24%
Antes do casamento as noivas pedem a algum membro de sua família para se fantasiar e fazer o papel do strashnik e quanto ela estiver à postos para fazer a sua entrada antes da cerimônia, o strashnik salta de trás de um arbusto e começa a jogar esterco seco nos convidados enquanto empunha um osso de animal de uma forma ameaçadora, se não fosse tão ridícula. Enquanto o tio bobão conduz seu show de horrores, a noiva passa desapercebida, fingindo que não há um crossdresser louco jogando estrume nas pessoas a apenas a alguns metros de distância.Bulgária
16%
O progenitor deve afinar a sua pontaria para acertar na cabeça e nos seios da noiva.Quénia
4%

Distribuição das Pontuações

Percentil de Números Respondidos

Porcentagem de Pessoas com Cada Pontuação

Sua Pontuação Histórica

Você não jogou esse quiz